Ekonomika proizvodstvennogo ob'jedinenija i kredit

Gespeichert in:
Bibliographische Detailangaben
1. Verfasser: Slesarev, Michail Petrovič
Format: Buch
Sprache:Russisch
Veröffentlicht: Minsk Bealrus' 1984
Tags: Tag hinzufügen
Keine Tags, Fügen Sie das erste Tag hinzu!

MARC

LEADER 00000nam a2200000 4500
001 c108726
005 20041019155142.2
041 0 |a rus 
044 |a BY 
245 1 0 |a Ekonomika proizvodstvennogo ob'jedinenija i kredit  |c Michail Petrovič Slesarev 
264 1 |a Minsk  |b Bealrus'  |c 1984 
300 |a 140 s. 
100 1 |a Slesarev, Michail Petrovič